Cricket: Leading South African Test Bowlers A-Z - Statistics

General Stats
  • This quiz has been taken 160 times
  • The average score is 8 of 24
Answer Stats
letter wickets player % Correct
S 417 Dale Steyn
95%
P 421 Shaun Pollock
94%
N 390 Makhaya Ntini
87%
D 330 Allan Donald
86%
K 291 Jacques Kallis
82%
M 276 Morne Morkel
78%
R 102 Kagiso Rabada
59%
A 134 Paul Adams
52%
B 100 Nicky Boje
32%
C 43 Hansie Cronje
30%
H 103 Paul Harris
25%
T 170 Hugh Tayfield
24%
E 13 Dean Elgar
17%
Z 16 Monde Zondeki
14%
F 82 Aubrey Faulkner
10%
E 13 Steve Elworthy
10%
Q 35 Neville Quinn
9%
G 123 Trevor Goddard
6%
O 17 Duanne Olivier
5%
J 8 Steven Jack
5%
V 84 Cyril Vincent
3%
L 48 Charlie Llewellyn
1%
I 15 David Ironside
1%
W 29 John Watkins
0%
No matching quizzes found
Score Distribution
Percent of People with Each Score
Percentile by Number Answered
Your Score History
You have not taken this quiz